Mockingjay Trivia Quiz - Statistics

General Stats
  • This quiz has been taken 648 times
  • The average score is 8 of 15
Answer Stats
Hint Answer % Correct
Who is in charge of District 13 President Coin
91%
What do the rebels what Katniss to be The Mockingjay
90%
Where does Katniss and her family live now District 13
87%
Katniss married this person Peeta Mellark
81%
How many kids do they have 2
79%
Katniss sees this person die in a fiery explosion Prim
68%
What does the Capitol bomb in District 8 The Hospital
68%
Who gives Katniss the Holo Boggs
60%
What do the Mutts smell like to Katniss Roses
42%
What do they nickname the mountain in District 2 The Nut
41%
What does Katniss say to deactivate her bow Good night
40%
What did the Capitol do to Peeta Hijacked him
36%
Who is the new President of Panem Commander Paylor
29%
How did the Capitol torture Johanna Electric shocks
5%
These people voted against having the Hunger Games Peeta, Annie, Beetee
5%
No matching quizzes found
Score Distribution
Percent of People with Each Score
Percentile by Number Answered
Your Score History
You have not taken this quiz